000 00404nam a2200145 4500
001 111584
003 ES-MaACL
005 20230906185328.0
007 t|
008 061121s1953 sw r ||||1| swe d
245 0 0 _aOrganización de la LO.
260 _a[Estocolmo?] :
_bStockholm Landsorganisationnem i Sverige,
_c1953.
300 _a23 p. :
_bil. ;
_c18 cm.
852 _aES-MaACL
_j2025-F-22
_bR.49525
999 _c111584
_d111584